[Event "AUTO-ADV-3723"]
[Site "http://www.queenalice.com/game.php?id=1447398"]
[Date "2016.11.2"]
[Round "1"]
[White "Rafale2000"]
[Black "charles"]
[Result "0-1"]
[WhiteElo "2063"]
[BlackElo "2022"]

1. d4 d5 2. Nf3 Nf6 3. Bf4 e6 4. e3 Nh5 5. Bg5 Nf6 6. c4 Be7 7. Nc3 O-O 8. Rc1
b6 9. cxd5 exd5 10. Bd3 h6 11. Bf4 c5 12. dxc5 Bxc5 13. a3 a5 14. Be5 Bg4 15. h3
Bh5 16. g4 Bg6 17. Bxg6 fxg6 18. Bxf6 Qxf6 19. Qxd5+ Kh7 20. Qxa8 Nc6 21. Qb7
Qxf3 22. O-O Qxh3 23. Qxc6 Qxg4+ 24. Kh2 Rf3 25. Qxf3 Qxf3 26. Rcd1 g5 27. Na4
Qc6 28. Nxc5 Qxc5 29. Rd2 g4 30. Rfd1 Qh5+ 31. Kg1 Qh3 32. Rd6 Qf3 33. R6d3 h5
34. Rd6 h4 35. R1d4 h3 0-1

[Event "AUTO-OPEN-3735"]
[Site "http://www.queenalice.com/game.php?id=1453157"]
[Date "2016.12.3"]
[Round "1"]
[White "forever"]
[Black "charles"]
[Result "1-0"]
[WhiteElo "2021"]
[BlackElo "2028"]

1. Nf3 c5 2. Nc3 Nc6 3. e4 e5 4. Bb5 a6 5. Bxc6 dxc6 6. Nxe5 Qf6 7. Nf3 Bg4 8.
d3 h6 9. Bd2 b5 10. Be3 b4 11. Na4 Bd6 12. Nxc5 Qxb2 13. O-O Qc3 14. Nb7 Be5 15.
d4 Bc7 16. Rb1 Qc4 17. h3 Bxf3 18. Qxf3 Rb8 19. Nc5 1-0

[Event "AUTO-OPEN-3735"]
[Site "http://www.queenalice.com/game.php?id=1453158"]
[Date "2016.12.3"]
[Round "1"]
[White "charles"]
[Black "forever"]
[Result "0-1"]
[WhiteElo "1999"]
[BlackElo "2039"]

1. e4 e5 2. Nc3 Nf6 3. Nf3 Bb4 4. Bd3 d6 5. O-O O-O 6. a3 Bxc3 7. dxc3 Nc6 8.
Bg5 h6 9. Bh4 Re8 10. Bc4 Ne7 11. Bxf6 gxf6 12. Nh4 Be6 13. Bxe6 fxe6 14. Qg4+
Kf7 15. f4 Rg8 16. Qh5+ Kg7 17. Rf3 Kh7 18. Qf7+ Rg7 19. Qxf6 Qg8 20. fxe5 d5
0-1

[Event "AUTO-OPEN-3735"]
[Site "http://www.queenalice.com/game.php?id=1453185"]
[Date "2016.12.3"]
[Round "1"]
[White "IgorOliveiraSep"]
[Black "charles"]
[Result "1-0"]
[WhiteElo "1592"]
[BlackElo "1981"]

1. e4 e5 2. Nf3 Nc6 3. Bc4 h6 4. O-O Nf6 5. d3 d6 6. Nc3 a6 7. Nd5 b5 8. Bb3 a5
9. a3 Be6 10. Nxf6+ Qxf6 11. Bxe6 fxe6 12. b3 d5 13. Qe2 Bc5 14. exd5 exd5 15.
Re1 Bd6 16. Bb2 O-O 17. Bxe5 Nxe5 18. Nxe5 Rae8 19. d4 Rf7 20. Qxb5 Rfe7 21. g3
c5 22. c3 Rb8 23. Qxa5 Rxb3 24. Rab1 Rxb1 25. Rxb1 cxd4 26. Qxd5+ Re6 27. cxd4
1-0

[Event "AUTO-OPEN-3735"]
[Site "http://www.queenalice.com/game.php?id=1453186"]
[Date "2016.12.3"]
[Round "1"]
[White "charles"]
[Black "IgorOliveiraSep"]
[Result "1-0"]
[WhiteElo "2040"]
[BlackElo "1586"]

1. e4 e5 2. Nf3 Nc6 3. Bc4 Nf6 4. Ng5 d5 5. exd5 Nxd5 6. Qf3 Qxg5 7. Bxd5 Qf5 8.
Bxc6+ bxc6 9. Qxc6+ Kd8 10. Qxa8 Qxc2 11. Qd5+ Bd7 12. O-O Qc6 13. Qxf7 Qf6 14.
Qd5 Qe6 15. Qa8+ Bc8 16. Qxa7 Ba6 17. Re1 Qc6 18. Nc3 Bb7 19. Ne4 Bc5 20. Qxc5
Qxc5 21. Nxc5 Bc6 22. Rxe5 1-0

[Event "AUTO-ADV-4417"]
[Site "http://www.queenalice.com/game.php?id=1631634"]
[Date "2020.11.2"]
[Round "1"]
[White "thw"]
[Black "charles"]
[Result "1-0"]
[WhiteElo "1908"]
[BlackElo "1963"]

1. e4 e5 2. Nf3 Nc6 3. Bb5 Bd6 4. O-O Nf6 5. Nc3 O-O 6. Re1 a6 7. Bxc6 dxc6 8.
d4 exd4 9. Nxd4 Bg4 10. Qd3 Be5 11. Be3 c5 12. Nb3 Qd6 13. Bxc5 Qxd3 14. cxd3
Rfe8 15. h3 Be6 16. d4 Bf4 17. d5 Bc8 18. Bd4 b5 19. Bxf6 gxf6 20. Rad1 b4 21.
Na4 Bd6 22. Nac5 a5 23. Rc1 a4 24. Nd4 Ra5 25. Nd3 Ra8 26. Nb5 Re7 27. Nxd6 cxd6
28. Nxb4 Bd7 29. Rc7 1-0

[Event "AUTO-ADV-4417"]
[Site "http://www.queenalice.com/game.php?id=1631635"]
[Date "2020.11.2"]
[Round "1"]
[White "charles"]
[Black "maurice91"]
[Result "1-0"]
[WhiteElo "1950"]
[BlackElo "1731"]

1. e4 d6 2. d4 Nd7 3. Bc4 e6 4. Nf3 g6 5. O-O Bg7 6. Nc3 Nf8 7. Re1 h5 8. Bf4
Nh6 9. a4 Bd7 10. b4 c5 11. bxc5 dxc5 12. e5 cxd4 13. Qxd4 Qc7 14. Nb5 Bxb5 15.
Bxb5+ Ke7 16. Bg5+ f6 17. exf6+ Bxf6 18. Qxf6+ 1-0

[Event "AUTO-ADV-4417"]
[Site "http://www.queenalice.com/game.php?id=1631636"]
[Date "2020.11.2"]
[Round "1"]
[White "maurice91"]
[Black "charles"]
[Result "0-1"]
[WhiteElo "1719"]
[BlackElo "1957"]

1. d4 d5 2. Bf4 Nc6 3. Nf3 h6 4. h3 e6 5. c3 Bd6 6. Ne5 Bxe5 7. dxe5 f6 8. exf6
Nxf6 9. e3 e5 10. Bh2 O-O 11. Bd3 e4 12. Bc2 b5 13. a4 b4 14. Bb3 Ba6 15. Nd2
bxc3 16. bxc3 Bd3 17. Bc2 Rb8 18. Bxd3 exd3 19. Nf3 Ne4 20. Qxd3 Rb2 21. O-O Nc5
22. Qd4 Nxd4 0-1

[Event "AUTO-ADV-4417"]
[Site "http://www.queenalice.com/game.php?id=1631637"]
[Date "2020.11.2"]
[Round "1"]
[White "charles"]
[Black "Canaye"]
[Result "1-0"]
[WhiteElo "1943"]
[BlackElo "1726"]

1. e4 e6 2. d4 d5 3. Bd3 c5 4. c3 Nc6 5. Nf3 cxd4 6. Nxd4 Nxd4 7. cxd4 Bb4+ 8.
Bd2 Qb6 9. O-O Bxd2 10. Qxd2 Ne7 11. exd5 Nxd5 12. Re1 Bd7 13. Bc4 Nf6 14. d5
O-O 15. Nc3 Rac8 16. b3 Rfe8 17. a4 exd5 18. Nxd5 Nxd5 19. Bxd5 Be6 20. Bxe6
Rxe6 21. a5 Qxb3 22. Qd7 Rce8 23. Qxe8+ Rxe8 24. Rxe8# 1-0

[Event "AUTO-ADV-4423"]
[Site "http://www.queenalice.com/game.php?id=1633263"]
[Date "2020.11.16"]
[Round "1"]
[White "charles"]
[Black "Pin"]
[Result "0-1"]
[WhiteElo "1875"]
[BlackElo "1914"]

1. e4 c5 2. Nf3 d6 3. d3 Nc6 4. Nc3 Nf6 5. Be2 e5 6. O-O Be6 7. Ng5 Be7 8. Nxe6
fxe6 9. Bg4 Nxg4 10. Qxg4 Kf7 11. f4 h5 12. fxe5+ Bf6 13. Qg3 Nxe5 14. Ne2 h4
15. Qf2 d5 16. Qxc5 b6 17. Qe3 dxe4 18. Qxe4 Qd6 19. Bf4 Rac8 20. Bxe5 Qc5+ 21.
Nd4 h3 22. c3 Rh5 23. b4 Qxe5 24. Qxe5 Rxe5 0-1

[Event "AUTO-ADV-4423"]
[Site "http://www.queenalice.com/game.php?id=1633276"]
[Date "2020.11.16"]
[Round "1"]
[White "forever"]
[Black "charles"]
[Result "1-0"]
[WhiteElo "1803"]
[BlackElo "1907"]

1. d4 d5 2. c4 e6 3. Nf3 Nf6 4. Nc3 a6 5. Ne5 Bd6 6. Qc2 c5 7. Nf3 dxc4 8. e4
cxd4 9. Nxd4 Bc7 10. Qa4+ Bd7 11. Qxc4 O-O 12. h3 Be5 13. Be3 1-0

[Event "AUTO-ADV-4423"]
[Site "http://www.queenalice.com/game.php?id=1633277"]
[Date "2020.11.16"]
[Round "1"]
[White "charles"]
[Black "forever"]
[Result "0-1"]
[WhiteElo "1945"]
[BlackElo "1758"]

1. e4 e5 2. Nf3 d5 3. exd5 e4 4. Nd4 Qxd5 5. Nb3 Nf6 6. Nc3 Qd8 7. d3 Bb4 8. Bd2
exd3 9. Bxd3 Nc6 10. O-O Be6 11. h3 O-O 12. a3 Be7 13. Ne4 Bxb3 14. cxb3 Qxd3
0-1

[Event "AUTO-ADV-4423"]
[Site "http://www.queenalice.com/game.php?id=1633287"]
[Date "2020.11.16"]
[Round "1"]
[White "Taura10"]
[Black "charles"]
[Result "1-0"]
[WhiteElo "2044"]
[BlackElo "1861"]

1. d4 d5 2. c4 c6 3. Nf3 Nf6 4. e3 dxc4 5. Bxc4 b5 6. Be2 e6 7. O-O Bd6 8. e4
Nxe4 9. Nc3 Nxc3 10. bxc3 O-O 11. Qc2 Qf6 12. Bd3 h6 13. Re1 Nd7 14. Qe2 Nb6 15.
Qe4 Qf5 16. Qxf5 exf5 17. Ne5 Re8 18. Bd2 Bxe5 19. Rxe5 Rxe5 20. dxe5 Be6 21.
Be2 1-0